Las ideas políticas del siglo xx /
Guardado en:
| Autor Principal: | |
|---|---|
| Otros Autores: | |
| Formato: | Libro |
| Publicado: |
Buenos Aires :
Docencia,
1998
|
| Materias: | |
| Etiquetas: |
Agregar Etiqueta
Sin Etiquetas, Sea el primero en etiquetar este registro!
|
| LEADER | 01007nam a22002535a 4500 | ||
|---|---|---|---|
| 001 | CEM.cems012086 | ||
| 005 | 20060419134954.0 | ||
| 008 | 130507s1998##################000#0#####d | ||
| 003 | CEMS | ||
| 020 | |a 9509293938 | ||
| 082 | 0 | 4 | |a 320.9 |
| 100 | 1 | |a Millon-delsol , Chantal | |
| 245 | 1 | 0 | |a Las ideas políticas del siglo xx / |c Chantal Millon-delsol ; traducido Por José Manuel González |
| 260 | |a Buenos Aires : |b Docencia, |c 1998 | ||
| 300 | |a 246 p. | ||
| 504 | |a Incluye referencias bibliográficas (p. 241-243) | ||
| 505 | 0 | |a El estado creador de un hombre nuevo. Los sucesores de Marx -- El estado racista -- La nebulosa de los fascismos-corporativismos o el estado ético -- El socialismo o el estado igualitario -- El estado-garante o el estado de derecho | |
| 653 | |a Ideas políticas siglo xx | ||
| 653 | |a Marx | ||
| 653 | |a Estado racista | ||
| 653 | |a Socialismo | ||
| 653 | |a Estado garante | ||
| 700 | 1 | |a González, José Manuel | |
| 859 | |a CEMS |b BIB. CEMS - 11 de abril |h 320.9 |i M642 |p 23172.05 |t Ej.1 | ||
